[Event "NRW-ch U14 Girls"]
[Site "Winterberg"]
[Date "2002.04.05"]
[Round "6"]
[White "Wiedner, Eva"]
[Black "Hess, Alessa"]
[Result "0-1"]
[WhiteElo "1052"]
[BlackElo "896"]
[PlyCount "80"]
[EventDate "2002.04.01"]
[EventType "swiss"]
[EventRounds "7"]
[EventCountry "GER"]
[SourceTitle "EXT 2003"]
[Source "ChessBase"]
[SourceDate "2002.11.25"]
[SourceVersion "1"]
[SourceVersionDate "2002.11.25"]
[SourceQuality "1"]

1. e4 e5 2. Nf3 Nc6 3. Bc4 Bc5 4. Nc3 Nf6 5. d3 d6 6. Bg5 Bg4 7. h3 Bxf3 8. Qxf3 h6 9. Bxf6 gxf6 10. Qh5 Rf8 11. Qxh6 Bb4 12. Qd2 Qe7 13. a3 Bxc3 14. Qxc3 0-0-0 15. 0-0-0 Nd4 16. Qd2 Qd7 17. c3 Ne6 18. Kb1 Rg8 19. g4 Rg5 20. d4 Rdg8 21. f4 Nxf4 22. Rdg1 Qc6 23. Bd3 Nxd3 24. Qxd3 d5 25. exd5 Qxd5 26. h4 Rxg4 27. Rf1 Qc6 28. Rh3 Rf4 29. Rxf4 exf4 30. Qf5+ Kd8 31. Qxf4 Qe6 32. Rh1 Rg4 33. Qh6 Qe4+ 34. Ka1 Qxh1+ 35. Ka2 Qd5+ 36. b3 Qg2+ 37. Kb1 Qe4+ 38. Ka2 Rg2+ 39. Ka1 Qe1+ 40. Qc1 Qxc1# 0-1